| 000 | 00508cam a2200193ua 4500 | ||
|---|---|---|---|
| 001 | 9040 | ||
| 008 | 150220n ii |||gr||||Z||||||asm | ||
| 020 | _a9788172131739 | ||
| 040 | _cMAIN | ||
| 041 | _aasm | ||
| 082 | _a920 | ||
| 100 |
_aNath, D. J., _eEditor. |
||
| 245 | 1 |
_aShrimanta Sankardeva : _bSahitya, kala aru darshan / _cEdited by Dhurba Jyoti Nath . |
|
| 250 | _a1st. | ||
| 260 |
_aGuwahati: _bPurbanchal, _c2012. |
||
| 300 | _a478p. | ||
| 653 | _aBiography, genealogy & insignia | ||
| 942 | _cBK | ||
| 999 |
_c8130 _d8130 |
||